<?xml version="1.0" encoding="UTF-8"?>
<collection xmlns="http://www.loc.gov/MARC21/slim">
<record>
  <controlfield tag="001">2115484</controlfield>
  <controlfield tag="005">20170724142154.0</controlfield>
  <datafield tag="245" ind1=" " ind2=" ">
    <subfield code="a">Discussing a scintillator hodoscope sandwiching wire chambers at the ISR</subfield>
  </datafield>
  <datafield tag="595" ind1=" " ind2=" ">
    <subfield code="a">NotInspected</subfield>
  </datafield>
  <datafield tag="596" ind1=" " ind2=" ">
    <subfield code="a">Updated 774 values on run 1455084093</subfield>
  </datafield>
  <datafield tag="774" ind1=" " ind2=" ">
    <subfield code="a">IMAGE</subfield>
    <subfield code="r">1868118</subfield>
  </datafield>
  <datafield tag="774" ind1=" " ind2=" ">
    <subfield code="a">IMAGE</subfield>
    <subfield code="r">1868120</subfield>
  </datafield>
  <datafield tag="774" ind1=" " ind2=" ">
    <subfield code="a">IMAGE</subfield>
    <subfield code="r">1868121</subfield>
  </datafield>
  <datafield tag="774" ind1=" " ind2=" ">
    <subfield code="a">IMAGE</subfield>
    <subfield code="r">1868122</subfield>
  </datafield>
  <datafield tag="774" ind1=" " ind2=" ">
    <subfield code="a">IMAGE</subfield>
    <subfield code="r">1868123</subfield>
  </datafield>
  <datafield tag="774" ind1=" " ind2=" ">
    <subfield code="a">IMAGE</subfield>
    <subfield code="r">1868124</subfield>
  </datafield>
  <datafield tag="774" ind1=" " ind2=" ">
    <subfield code="a">IMAGE</subfield>
    <subfield code="r">1868126</subfield>
  </datafield>
  <datafield tag="774" ind1=" " ind2=" ">
    <subfield code="a">IMAGE</subfield>
    <subfield code="r">1868127</subfield>
  </datafield>
  <datafield tag="774" ind1=" " ind2=" ">
    <subfield code="a">IMAGE</subfield>
    <subfield code="r">1868128</subfield>
  </datafield>
  <datafield tag="774" ind1=" " ind2=" ">
    <subfield code="a">IMAGE</subfield>
    <subfield code="r">1868129</subfield>
  </datafield>
  <datafield tag="774" ind1=" " ind2=" ">
    <subfield code="a">IMAGE</subfield>
    <subfield code="r">1868130</subfield>
  </datafield>
  <datafield tag="774" ind1=" " ind2=" ">
    <subfield code="a">IMAGE</subfield>
    <subfield code="r">1868131</subfield>
  </datafield>
  <datafield tag="774" ind1=" " ind2=" ">
    <subfield code="a">IMAGE</subfield>
    <subfield code="r">1868132</subfield>
  </datafield>
  <datafield tag="774" ind1=" " ind2=" ">
    <subfield code="a">IMAGE</subfield>
    <subfield code="r">1868133</subfield>
  </datafield>
  <datafield tag="774" ind1=" " ind2=" ">
    <subfield code="a">IMAGE</subfield>
    <subfield code="r">1868135</subfield>
  </datafield>
  <datafield tag="774" ind1=" " ind2=" ">
    <subfield code="a">IMAGE</subfield>
    <subfield code="r">1868136</subfield>
  </datafield>
  <datafield tag="774" ind1=" " ind2=" ">
    <subfield code="a">IMAGE</subfield>
    <subfield code="r">1868138</subfield>
  </datafield>
  <datafield tag="774" ind1=" " ind2=" ">
    <subfield code="a">IMAGE</subfield>
    <subfield code="r">1868139</subfield>
  </datafield>
  <datafield tag="774" ind1=" " ind2=" ">
    <subfield code="a">IMAGE</subfield>
    <subfield code="r">1868141</subfield>
  </datafield>
  <datafield tag="774" ind1=" " ind2=" ">
    <subfield code="a">IMAGE</subfield>
    <subfield code="r">1868142</subfield>
  </datafield>
  <datafield tag="774" ind1=" " ind2=" ">
    <subfield code="a">IMAGE</subfield>
    <subfield code="r">1868143</subfield>
  </datafield>
  <datafield tag="774" ind1=" " ind2=" ">
    <subfield code="a">IMAGE</subfield>
    <subfield code="r">1868144</subfield>
  </datafield>
  <datafield tag="774" ind1=" " ind2=" ">
    <subfield code="a">IMAGE</subfield>
    <subfield code="r">1868145</subfield>
  </datafield>
  <datafield tag="774" ind1=" " ind2=" ">
    <subfield code="a">IMAGE</subfield>
    <subfield code="r">1868146</subfield>
  </datafield>
  <datafield tag="774" ind1=" " ind2=" ">
    <subfield code="a">IMAGE</subfield>
    <subfield code="r">1868147</subfield>
  </datafield>
  <datafield tag="774" ind1=" " ind2=" ">
    <subfield code="a">IMAGE</subfield>
    <subfield code="r">1868148</subfield>
  </datafield>
  <datafield tag="774" ind1=" " ind2=" ">
    <subfield code="a">IMAGE</subfield>
    <subfield code="r">1868149</subfield>
  </datafield>
  <datafield tag="774" ind1=" " ind2=" ">
    <subfield code="a">IMAGE</subfield>
    <subfield code="r">1868150</subfield>
  </datafield>
  <datafield tag="774" ind1=" " ind2=" ">
    <subfield code="a">IMAGE</subfield>
    <subfield code="r">1868152</subfield>
  </datafield>
  <datafield tag="774" ind1=" " ind2=" ">
    <subfield code="a">IMAGE</subfield>
    <subfield code="r">1868153</subfield>
  </datafield>
  <datafield tag="774" ind1=" " ind2=" ">
    <subfield code="a">IMAGE</subfield>
    <subfield code="r">1868154</subfield>
  </datafield>
  <datafield tag="774" ind1=" " ind2=" ">
    <subfield code="a">IMAGE</subfield>
    <subfield code="r">1868155</subfield>
  </datafield>
  <datafield tag="774" ind1=" " ind2=" ">
    <subfield code="a">IMAGE</subfield>
    <subfield code="r">917075</subfield>
  </datafield>
  <datafield tag="774" ind1=" " ind2=" ">
    <subfield code="a">IMAGE</subfield>
    <subfield code="r">917076</subfield>
  </datafield>
  <datafield tag="774" ind1=" " ind2=" ">
    <subfield code="a">IMAGE</subfield>
    <subfield code="r">917078</subfield>
  </datafield>
  <datafield tag="774" ind1=" " ind2=" ">
    <subfield code="a">IMAGE</subfield>
    <subfield code="r">917079</subfield>
  </datafield>
  <datafield tag="774" ind1=" " ind2=" ">
    <subfield code="a">IMAGE</subfield>
    <subfield code="r">917080</subfield>
  </datafield>
  <datafield tag="774" ind1=" " ind2=" ">
    <subfield code="a">IMAGE</subfield>
    <subfield code="r">917084</subfield>
  </datafield>
  <datafield tag="774" ind1=" " ind2=" ">
    <subfield code="a">IMAGE</subfield>
    <subfield code="r">917077</subfield>
  </datafield>
  <datafield tag="963" ind1=" " ind2=" ">
    <subfield code="a">PUBLIC</subfield>
  </datafield>
  <datafield tag="980" ind1=" " ind2=" ">
    <subfield code="a">PHOTOARC</subfield>
  </datafield>
  <datafield tag="999" ind1=" " ind2=" ">
    <subfield code="a">ALBUM</subfield>
  </datafield>
  <datafield tag="340" ind1=" " ind2=" ">
    <subfield code="a">FILM</subfield>
  </datafield>
  <datafield tag="541" ind1=" " ind2=" ">
    <subfield code="e">Rubrique: Date Planche:4 75 De:29 A:67</subfield>
  </datafield>
  <datafield tag="960" ind1=" " ind2=" ">
    <subfield code="a">116</subfield>
  </datafield>
  <datafield tag="269" ind1=" " ind2=" ">
    <subfield code="c">Apr 1975</subfield>
  </datafield>
  <datafield tag="260" ind1=" " ind2=" ">
    <subfield code="c">1975</subfield>
  </datafield>
</record>
</collection>